| 000 | 00958cab a2200277 4500 | ||
|---|---|---|---|
| 001 | E84618 | ||
| 008 | 090401t1997 xxu||||| |||| 00| 0 eng d | ||
| 035 | _a(Sirsi) u79018 | ||
| 041 | _aeng | ||
| 100 | _aBrymer, S. | ||
| 245 | _aTaylor Woodrow Property Co. Ltd v Strathclyde Regional Council, 1996 GWD 7-397. | ||
| 260 | _c1997 | ||
| 350 | _a0 | ||
| 490 |
_aProperty Law _v(25) February 1997, 2-3(2) |
||
| 520 | _aDiscusses the case which is authority for the fact that a degree of reasonableness is to be implied into a repairing obligation in a lease in the absence of express provision to the contrary. | ||
| 650 | _aCOMMERCIAL LEASES | ||
| 650 |
_aDilapidations _96235 |
||
| 650 | _aDUTY TO REPAIR | ||
| 650 | _aREASONABLENESS | ||
| 650 | _aREPAIRING OBLIGATIONS | ||
| 650 | _aSCHEDULE OF DILAPIDATIONS | ||
| 650 | _aUNAUTHORISED ALTERATIONS | ||
| 690 | _aLANDLORD AND TENANT-BUSINESS TENANCIES | ||
| 942 | _n0 | ||
| 948 | _c18/06/1997 | ||
| 999 |
_c49655 _d49655 |
||